000 01246nam1a22003011i 4500
001 v19\rc\1494527
005 20240725232324.0
035 _a(NLR Aleph) 004623299
090 _a3069290
_c3069290
100 _a20060620g18811882|||y0rusy50 ca
101 0 _arus
102 _aRU
105 _ay z |||||
200 1 _aСборник русских законов о купеческом водоходстве
_fСост. А.Е. Нос, чл. Правл. О-ва для содействия рус. торг. мореходству, моск. присяж. пов., канд. прав С.-Петерб. ун-та. Ч. 1-
210 _aМосква
_cтип. Мартынова
_d1881-1882
215 _d22
225 1 _aИзвестия Общества для содействия русскому торговому мореходству
700 1 _aНос
_bА.Е.
_f1842-1910
_gАндрей Евдокимович
_4220
801 0 _aRU
_bNLR
_gpsbo
801 0 _aRU
_bRuMoRGB
_2psbo
801 1 _aRU
_bProSoft-M
_2rusmarc
852 _aNLR
_j2/704
899 _aRuMoRGB
_jXXIV 28/1 (вып. 8-9)
899 _aRuMoRGB
_jXXIV 28/2 (вып. 8-9)
899 _aRuMoRGB
_jФ 1/5411
899 _aRuMoRGB
_jXXIV 28/3
899 _aБАН
942 _cBOOK